| 000 | 00905nam a2200193 a 4500 | ||
|---|---|---|---|
| 003 | 0 | ||
| 005 | 20250515115533.0 | ||
| 008 | 040726s19uu xx 00 eng d | ||
| 050 |
_aPHS LB 2805 _b.A73 2004 |
||
| 100 | _aAragon, Jeuz Ser. | ||
| 245 |
_aThe Perceptions of Southville International School and Colleges' 2002-2003 high school graduates on the effectiveness of SISC's curriculum, instruction, and assessment in preparing high school graduating students for college / _cJeuz Ser Aragon. |
||
| 260 |
_aLas PiƱas City, Philippines : _bSouthville International School and Colleges, _c2004. |
||
| 300 |
_a104 pages : _billustrations ; _c28 cm. |
||
| 504 | _aIncludes bibliographical references. | ||
| 650 |
_aCurriculum evaluation _zPhilippines _xCase studies. |
||
| 650 |
_aCollege preparation programs _zPhilippines. |
||
| 650 |
_aEducation, Secondary _zPhilippines _xCurricula. |
||
| 942 |
_2lcc _cPASS |
||
| 999 |
_c97080 _d97080 |
||